OM 2016-2017 - Statistiques

Statistiques générales
  • Ce quiz a été pris 60 fois
  • Le résultat moyen est 16 sur 36
Statistiques - réponses
Hint Réponse % Correct
France/11 Payet
89%
France/26 Thauvin
89%
Japon/2 Sakai
83%
France/16 Pelé
77%
Portugal/6 Rolando
64%
France/27 Lopez
62%
Pays-Bas/4 Rekik
62%
Brésil/3 Doria
58%
France/8 Sanson
58%
Sénégal/17 Sarr
58%
Slovaquie/15 Hubocan
57%
Tunisie/20 Khaoui
57%
Congo/1 Samba
57%
France/7 Cabella
51%
Coach Garcia
51%
France/18 Gomis
45%
Cameroun/14 Njie
45%
France/24 Fanni
43%
Coach Passi
40%
Cameroun/29 Zambo Anguissa
40%
Cameroun/12 Bedimo
38%
France/- Kamara
34%
France/21 Evra
32%
France/13 Sertic
32%
Président Eyraud
30%
Belgique/22 Leya Iseka
30%
France/10 Diarra
28%
Nouvelle-Zélande/25 Tuiloma
28%
France/19 Vainqueur
28%
France/11 Alessandrini
23%
France/5 Diaby
19%
France/23 Machach
17%
France/- Aloé
9%
France/28 Rabillard
9%
France/- Andonian
8%
France/- Porsan Clemente
8%
Aucun quiz correspondant
Distribution des résultats
% des personnes avec chaque résultat
Percentile par nombre de réponses
Votre historique - résultats
Vous n’avez pas pris ce quiz